| 000 | 00586cam a2200181 a 4500 | ||
|---|---|---|---|
| 020 | _a0419218009 | ||
| 082 | 0 | 0 |
_a624.18341 _bHUR _cN-01, P-108 |
| 100 | 1 |
_aHurst, M. K. _937776 |
|
| 245 | 1 | 0 |
_aPrestressed concrete design / _cM.K. Hurst. |
| 250 | _a2nd ed. | ||
| 260 |
_aLondon ; _aNew York : _bE&FN Spon, _c1998. |
||
| 300 |
_axvii, 257 p. : _bill. ; _c24 cm. |
||
| 526 |
_a0 _b0 _c0 _d624_183410000000000_HUR |
||
| 650 | 0 |
_aNUST _96342 |
|
| 650 | 0 |
_aPrestressed concrete construction. _920245 |
|
| 856 | 4 | 2 | _uhttp://www.loc.gov/catdir/enhancements/fy0651/98166632-d.html |
| 942 |
_2ddc _cBK |
||
| 999 |
_c547012 _d547012 |
||